[Event "Dubai op 08th"]
[Site "Dubai"]
[Date "2006.04.23"]
[Round "1"]
[White "Sale, Srdjan"]
[Black "Shantanu, Lahiri"]
[Result "1-0"]
[WhiteElo "2453"]
[BlackElo "2106"]
[PlyCount "57"]
[EventDate "2006.04.23"]
[EventType "swiss"]
[EventRounds "9"]
[EventCountry "UAE"]
[SourceTitle "EXT 2007"]
[Source "ChessBase"]
[SourceDate "2006.11.23"]
[SourceVersion "1"]
[SourceVersionDate "2006.11.23"]
[SourceQuality "1"]

1. e4 e6 2. d3 d5 3. Nd2 Nf6 4. Ngf3 Nc6 5. c3 Bd6 6. g3 0-0 7. Bg2 e5 8. 0-0 Bg4 9. h3 Bh5 10. Qc2 Qd7 11. b4 a6 12. a3 Rfe8 13. Re1 Rad8 14. Nh4 Bf8 15. Nb3 dxe4 16. dxe4 Qd3 17. Qb2 b5 18. Bg5 Qc4 19. Bxf6 gxf6 20. Bf1 Qe6 21. a4 Na7 22. Nf5 Bf3 23. Qc2 Qc6 24. Na5 Qb6 25. axb5 axb5 26. g4 c5 27. Re3 Bd1 28. Rxd1 Rxd1 29. Qxd1 1-0

[Event "Kolkata op2"]
[Site "Kolkata"]
[Date "1994.??.??"]
[Round "?"]
[White "Narayana, Samy S"]
[Black "Shantanu, Lahiri"]
[Result "0-1"]
[WhiteElo "2255"]
[BlackElo "2155"]
[PlyCount "40"]
[EventDate "1994.??.??"]
[EventType "swiss"]
[EventRounds "11"]
[EventCountry "IND"]
[SourceTitle "EXT 1997"]
[Source "ChessBase"]
[SourceDate "1996.11.15"]
[SourceVersion "1"]
[SourceVersionDate "1996.11.15"]
[SourceQuality "1"]

1. e4 e6 2. d4 d5 3. e5 c5 4. c3 Nc6 5. Nf3 Qb6 6. Bd3 Bd7 7. 0-0 cxd4 8. cxd4 Nxd4 9. Nxd4 Qxd4 10. Nc3 a6 11. Re1 Ne7 12. g3 Nc6 13. Ne2 Qg4 14. f4 Qf3 15. h3 Bc5+ 16. Kh2 Nb4 17. Bb1 Qf2+ 18. Kh1 Bc6 19. Nc3 Qxg3 20. Qe2 Bf2 0-1

[Event "Goodricke op 05th"]
[Site "Kolkata"]
[Date "1994.??.??"]
[Round "3"]
[White "Rahman, Ziaur"]
[Black "Shantanu, Lahiri"]
[Result "1-0"]
[WhiteElo "2435"]
[BlackElo "2155"]
[PlyCount "77"]
[EventDate "1994.02.??"]
[EventType "swiss"]
[EventRounds "11"]
[EventCountry "IND"]
[SourceTitle "CBM 039 Extra"]
[Source "ChessBase"]
[SourceDate "1994.05.01"]
[SourceVersion "1"]
[SourceVersionDate "1994.05.01"]
[SourceQuality "1"]

1. c4 g6 2. Nc3 Bg7 3. d4 Nf6 4. e4 d6 5. Nf3 0-0 6. Be2 e5 7. 0-0 Nc6 8. d5 Ne7 9. b4 Nh5 10. Nd2 Nf4 11. c5 f5 12. f3 g5 13. Nc4 Nxe2+ 14. Qxe2 f4 15. a4 Rf6 16. Ba3 Rg6 17. g4 fxg3 18. hxg3 Bh3 19. Rf2 g4 20. b5 b6 21. cxd6 cxd6 22. Na2 Qd7 23. fxg4 Bxg4 24. Qd3 Kh8 25. Nb4 Rg8 26. Nc6 Bh5 27. Rg2 Rf8 28. Rf1 Rxf1+ 29. Qxf1 Rf6 30. Rf2 Rg6 31. Qg2 Ng8 32. Qh2 Bd1 33. Bxd6 Rxd6 34. N4xe5 Bxe5 35. Nxe5 Qc7 36. g4 Rd7 37. d6 Qc1 38. Nxd7 Bxg4+ 39. Kg2 1-0

[Event "Kolkata op2"]
[Site "Kolkata"]
[Date "1994.??.??"]
[Round "?"]
[White "Shantanu, Lahiri"]
[Black "Parameswaran, Tiruchi Natesan"]
[Result "0-1"]
[WhiteElo "2155"]
[BlackElo "2365"]
[PlyCount "70"]
[EventDate "1994.??.??"]
[EventType "swiss"]
[EventRounds "11"]
[EventCountry "IND"]
[SourceTitle "EXT 1997"]
[Source "ChessBase"]
[SourceDate "1996.11.15"]
[SourceVersion "1"]
[SourceVersionDate "1996.11.15"]
[SourceQuality "1"]

1. d4 g6 2. c4 Bg7 3. Nc3 d6 4. e4 Nc6 5. Be3 e5 6. d5 Nd4 7. Nge2 Bg4 8. Qd2 Bxe2 9. Bxe2 c5 10. Bd1 Nf6 11. Ba4+ Kf8 12. 0-0 a6 13. Bd1 h6 14. f4 exf4 15. Bxf4 Qe7 16. Qf2 Kg8 17. Kh1 Nd7 18. Rc1 Kh7 19. Bg4 Rhf8 20. Bxd7 Qxd7 21. Qg3 Rad8 22. Qd3 Qe7 23. Rce1 Be5 24. Bxe5 Qxe5 25. Ne2 Nxe2 26. Rxe2 Rde8 27. Kg1 Kg7 28. Qc3 b5 29. cxb5 axb5 30. Qxe5+ Rxe5 31. Rf3 f5 32. Rfe3 Rfe8 33. Ra3 fxe4 34. Ra7+ Kf6 35. Rf2+ Kg5 0-1